年間の出生数が100人未満の市(2023年) - Statistics

General Stats
  • This quiz has been taken 62 times
  • The average score is 63 of 78
Answer Stats
都道府県 出生数(人) Answer % Correct
北海道 10 夕張市
100%
北海道 14 歌志内市
98%
石川県 29 珠洲市
96%
三重県 47 尾鷲市
95%
高知県 29 室戸市
93%
京都府 53 宮津市
93%
石川県 70 輪島市
93%
北海道 83 留萌市
93%
高知県 31 土佐清水市
91%
北海道 81 紋別市
91%
千葉県 31 勝浦市
89%
岐阜県 91 飛騨市
89%
北海道 30 赤平市
87%
山形県 46 尾花沢市
87%
三重県 55 熊野市
87%
山梨県 60 上野原市
87%
山梨県 61 大月市
87%
秋田県 80 北秋田市
87%
北海道 32 三笠市
85%
三重県 54 鳥羽市
85%
岩手県 61 陸前高田市
85%
鹿児島県 61 枕崎市
85%
静岡県 63 下田市
85%
徳島県 66 三好市
85%
奈良県 74 五條市
85%
静岡県 82 伊豆市
85%
秋田県 53 男鹿市
84%
栃木県 57 那須烏山市
84%
北海道 59 士別市
84%
長野県 59 飯山市
84%
高知県 69 宿毛市
84%
秋田県 73 にかほ市
84%
鹿児島県 76 西之表市
84%
香川県 83 東かがわ市
84%
北海道 32 芦別市
82%
鹿児島県 37 垂水市
82%
大分県 38 津久見市
82%
高知県 61 安芸市
82%
山口県 62 美祢市
82%
高知県 73 須崎市
82%
静岡県 74 熱海市
82%
千葉県 89 南房総市
82%
岩手県 99 二戸市
82%
北海道 55 砂川市
80%
岩手県 56 八幡平市
80%
岐阜県 66 美濃市
80%
北海道 70 深川市
80%
秋田県 75 仙北市
80%
福井県 91 勝山市
80%
北海道 42 美唄市
78%
大分県 56 竹田市
78%
奈良県 66 御所市
78%
広島県 66 江田島市
78%
大分県 73 国東市
78%
奈良県 78 宇陀市
78%
岡山県 82 新見市
78%
秋田県 90 鹿角市
78%
宮崎県 63 えびの市
76%
岩手県 91 遠野市
76%
島根県 94 江津市
76%
宮崎県 66 串間市
75%
熊本県 78 水俣市
75%
広島県 85 竹原市
75%
石川県 95 羽咋市
73%
鹿児島県 95 いちき串木野市
73%
茨城県 83 高萩市
71%
新潟県 84 加茂市
71%
新潟県 96 胎内市
71%
岡山県 96 美作市
71%
長崎県 96 松浦市
71%
岡山県 80 高梁市
69%
山形県 95 上山市
69%
山形県 84 村山市
67%
岐阜県 90 海津市
67%
佐賀県 96 多久市
67%
宮城県 91 白石市
65%
鹿児島県 87 阿久根市
64%
福岡県 94 豊前市
60%
No matching quizzes found
Score Distribution
Percent of People with Each Score
Percentile by Number Answered
Your Score History
You have not taken this quiz